| 000 | 00636nam a22002057a 4500 | ||
|---|---|---|---|
| 003 | OSt | ||
| 005 | 20260507104006.0 | ||
| 008 | 260507b |||||||| |||| 00| 0 eng d | ||
| 020 | _a9781529602227 Pbk. Bp. | ||
| 040 |
_aMMSU _cULS |
||
| 050 | _aP 91.3 E93 2025 CIRC | ||
| 100 | _aEvans, Leighton | ||
| 245 |
_aMedia studies : _bindustries, texts and audiences / _cLeighton Evans. |
||
| 260 |
_aLondon : _bSAGE, _c2025. |
||
| 300 |
_axiii, 284 pages : _billustrations ; _c25 cm. |
||
| 504 | _aIncludes bibliographical references and index. | ||
| 650 | _aMass media. | ||
| 650 | _aMass media--Study and teaching. | ||
| 942 |
_2lcc _cBK |
||
| 999 |
_c29086 _d29086 |
||